Winthrop papers. (Record no. 24605)
[ view plain ]
| 000 -LEADER | |
|---|---|
| fixed length control field | 01037cam a22002771 4500 |
| 001 - CONTROL NUMBER | |
| control field | 24605 |
| 003 - CONTROL NUMBER IDENTIFIER | |
| rucl marc code | BD-RjUL |
| 005 - DATE AND TIME OF LATEST TRANSACTION | |
| control field | 20211209001055.0 |
| 008 - FIXED-LENGTH DATA ELEMENTS--GENERAL INFORMATION | |
| fixed length control field | 140313r19681929nyuabch b 000 0 eng |
| 035 ## - SYSTEM CONTROL NUMBER | |
| System control number | (BD-RjUL)24674 |
| 040 ## - CATALOGING SOURCE | |
| Original cataloging agency | DLC |
| Transcribing agency | DLC |
| Modifying agency | DLC |
| -- | BD-RjUL |
| Language of cataloging | eng |
| 041 ## - LANGUAGE CODE | |
| Language code of text/sound track or separate title | eng |
| 082 00 - DEWEY DECIMAL CLASSIFICATION NUMBER | |
| Classification number | 974.028 |
| Author mark and year | WIN |
| 245 00 - TITLE STATEMENT | |
| Title | Winthrop papers. |
| Number of part/section of a work | Volume II |
| Name of part/section of a work | 1623-1630 |
| 260 ## - PUBLICATION, DISTRIBUTION, ETC. (IMPRINT) | |
| Place of publication, distribution, etc. | New York : |
| Name of publisher, distributor, etc. | Russell & Russell, |
| Date of publication, distribution, etc. | 1926 [reprinted 1968] |
| 300 ## - PHYSICAL DESCRIPTION | |
| Pagination | xxiii,367 p. : |
| Illustrations | illus., facsims., geneal. table, maps, ports. |
| Size | 25 cm. |
| 500 ## - GENERAL NOTE | |
| General note | Reprint of the ed. first published 1929- by the Massachusetts Historical Society. |
| 504 ## - BIBLIOGRAPHY, ETC. NOTE | |
| Bibliography, etc | Bibliographical footnotes. |
| 505 1# - FORMATTED CONTENTS NOTE | |
| Formatted contents note | v. 1. 1498-1628.--v. 2. 1623-1630. |
| 651 #0 - SUBJECT ADDED ENTRY--GEOGRAPHIC NAME | |
| Geographic name | New England |
| General subdivision | History |
| Chronological subdivision | Colonial period, ca. 1600-1775 |
| General subdivision | Sources. |
| 9 (RLIN) | 74306 |
| Geographic name | Massachusetts |
| General subdivision | History |
| Chronological subdivision | Colonial period, ca. 1600-1775 |
| General subdivision | Sources. |
| 9 (RLIN) | 74624 |
| Geographic name | Connecticut |
| General subdivision | History |
| Chronological subdivision | Colonial period, ca. 1600-1775 |
| General subdivision | Sources. |
| 9 (RLIN) | 74625 |
| 942 ## - ADDED ENTRY ELEMENTS (KOHA) | |
| Source of classification or shelving scheme | Dewey Decimal Classification |
| Koha item type | Books |
| Lost status | Source of classification or shelving scheme | Damaged status | Not for loan | Collection code | Permanent Location | Current Location | Shelving location | Date acquired | Source of acquisition | Cost, normal purchase price | Total Checkouts | Full call number | Date last seen | Copy number | Koha item type |
|---|---|---|---|---|---|---|---|---|---|---|---|---|---|---|---|
| Dewey Decimal Classification | Non-fiction | Central Library, University of Rajshahi | Central Library, University of Rajshahi | 10/07/1994 | Asia Fundation Gift | 0.00 | 974.028 WIN V-2 1968 | 13/03/2014 | C-3 | Books |